000 00671nam a2200205 a 4500
001 000034373
005 20240410103208.0
008 111004s2011 dr ac 001 0dspa d
020 _a9789945164305
040 _aDO-SdBNP
_bspa
_cBNPHU
082 _a923.57293
_bC111h
100 1 _aHamlet, Hermann,
_d1934-2016
_936649
245 1 0 _aCaamaño en Europa :
_b1966-1967 /
_cHamlet Hermann.
260 _aSanto Domingo :
_bBúho,
_c2011.
300 _a367 p. :
_bil. ;
_c23 cm.
600 1 4 _aCAAMAÑO DEÑÓ, FRANCISCO ALBERTO,
_d1932-1973
_910026
651 0 _aRepública Dominicana --
_xHistoria --
_y1961-
_96572
910 _aValidado. Control de calidad EMS
049 _aBNPD
999 _c33864
_d33864